000 00295nam a22001337a 4500
003 OSt
008 250211b |||||||| |||| 00| 0 eng d
041 _aeng
082 _a551.48
_bRED/TE
100 _aReddy, Jaya Rami P
_97119
245 _aText Book of Hydrology
250 _a2nd
942 _cBK
999 _c19355
_d19355